| 000 | 00722nam a2200253 i 4500 | ||
|---|---|---|---|
| 001 | bg | ||
| 100 | 1 | _aNICHOLAS, Gerd | |
| 245 | 1 | 0 |
_aWirtschaft - auf Deutsch : _bWirtschaftsdeutsch für die Mittelstufe / _cvon Gerd Nicholas, Margarete Sprenger, Wolfgang Weermann. |
| 250 | _a[Wyd.4]. | ||
| 260 |
_aMünchen : _bKlett, _c1994. |
||
| 300 |
_a326 s. : _bfot., rys. ; _c25 cm. |
||
| 650 | _aJęzyk niemiecki | ||
| 650 | _aEkonomia | ||
| 655 | _aPodręczniki | ||
| 700 | 1 | _aSPRENGER, Margarete | |
| 700 | 1 | _aWEERMANN, Wolfgang | |
| 020 | _a3126752152 | ||
| 040 | _cBPK | ||
| 041 | 0 | _ade | |
| 080 | _a803.0:33](07) | ||
| 920 | _a3-12-675215-2 | ||
| 942 | _cKS | ||
| 008 | s pl f |000 0 pol | ||
| 999 |
_c6621 _d6621 |
||
| 856 |
_uhttp://koha.tu.koszalin.pl/cgi-bin/koha/opac-detail.pl?biblionumber=6621 _yKatalog online BPK |
||